000 00722nam a2200217Ii 4500
003 JO-AjNU
008 230605s9999||||xx |||||||||||||| ||und||
017 _a2006/2/352
040 _aJO-AjNU
_bara
_erda
_cJO-AjNU
041 _aara
050 1 4 _aBP134.J4.S25 2006
100 3 _aتاليف سمارة، فوزي أحمد,
_eauthor
_917675
245 0 0 _a اليهود في القران الكريم
250 _aط1
264 3 1 _aعمان: مؤسسة الطريق للنشر والتوزيع، 2006
300 _a117ص
336 _atext
_btxt
_2rdacontent
337 _aunmediated
_bn
_2rdamedia
338 _avolume
_bnc
_2rdacarrier
650 4 _aالاسلام - القران - اليهود في القران
_917676
999 _aA5512
_c9080
_d9080